Farthest north nfl teams - Statistics

General Stats
  • This quiz has been taken 18 times
  • The average score is 7 of 8
Answer Stats
Hint Answer % Correct
3 Packers
100%
1 Seahawks
100%
4 Bills
88%
5 Lions
88%
6 Patriots
88%
2 Vikings
88%
8 browns
82%
7 Bears
76%
No matching quizzes found
Score Distribution
Percent of People with Each Score
Percentile by Number Answered
Your Score History
You have not taken this quiz